Normal view
MARC view
Entry Personal Name
001 - CONTROL NUMBER
- control field: 59791
003 - CONTROL NUMBER IDENTIFIER
- control field: dpl
005 - DATE AND TIME OF LATEST TRANSACTION
- control field: 20231212120810.0
008 - FIXED-LENGTH DATA ELEMENTS
- fixed length control field: 231212|| aca||aabn | a|a d
040 ## - CATALOGING SOURCE
- Original cataloging agency: dpl
- Transcribing agency: dpl
100 ## - HEADING--PERSONAL NAME
- Personal name: sengupta, Gautam
670 ## - SOURCE DATA FOUND
- Source citation: Work cat.: (dpl)140940: Shakespeare, William 59790, Hamlet:, 2017
